| 000 | | | 03656nac2a22002411x 450 |
| 001 | | | 01b595e5-f2b4-426e-b7bb-9a4dc284c4a9 |
| 005 | | | 20131109133638.0 |
| 100 | ## | $a | 20130708l1912 k y0rusy50 ca |
| 101 | 0# | $a | pol |
| 102 | ## | $a | RU |
| 105 | ## | $a | y z ||||| |
| 200 | 1# | $a | Брошюра "У. В." "О свободе вероисповедания в России" |
| | $j | 1912 |
| 215 | ## | $a | 9 листов |
| 251 | ## | $c | Дело |
| 300 | ## | $a | На польском языке |
| 300 | ## | $a | Текст напечатан типографским способом |
| 330 | ## | $a | I. Документальные материалы Дымши Любомира Клеофасовича; 3. Документальные материалы, относящиеся к общественной деятельности Дымши Л. К. (в качестве члена Петербургской городской думы и Государственной думы) |
| 461 | #0 | $1 | 001fdc4ea38-544e-4b93-b87c-448efc7be393 |
| | $1 | 2001 |
| | $a | Дымша Любомир Клеофасович, юрист, приват-доцент петербургского университета, член III и IV Государственных Дум, польского коло, член учебного комитета и чиновник особых поручений Собственной Его Императорского Величества канцелярии, помещик Константиновского уезда |
| | $1 | 251 |
| | $c | Фонд |
| | $1 | 852 |
| | $j | 690 |
| 462 | #0 | $1 | 001ca403b4d-2fe2-48fe-9d5c-8f624e1a5a5b |
| | $1 | 2001 |
| | $a | 1869-1916 |
| | $1 | 251 |
| | $c | Опись |
| | $1 | 852 |
| | $j | 1 |
| 600 | #1 | $a | Дымша |
| | $b | Л. К. |
| | $f | 1860-1915 |
| | $g | Любомир Клеофасович |
| 801 | #0 | $a | RU |
| | $b | GA_RF |
| 801 | #1 | $a | RU |
| | $b | НПО Опыт |
| | $c | 20130708 |
| | $2 | rusmarc |
| 801 | #2 | $a | RU |
| | $b | ПБ им. Б.Н. Ельцина |
| | $c | 20131109 |
| | $g | RCR |
| | $2 | rusmarc |
| 852 | ## | $a | ГА РФ |
| | $j | 73 |
| 937 | ## | $d | 41217694 |
| | $h | ПБ |
| 035 | ## | $a | RuPRLIB51008553 |